00249 a2200109 4500001000700000020000600007040001100013100002700024240004200051245003700093362000900130175772 a  cMagnum aChiavenato, Julio Jose10aAs varias faces da inconfidencialpor10aAs varias faces da inconfidencia0 a1899